00871nam a22001937a 4500003001700000005001700017008004100034020001800075040000700093041001200100082001600112100001500128245001100143260004000154300002700194365006200221520036500283650002900648St Aloysius Coll20260122162855.0260117b |||||||| |||| 00| 0 eng d a9781526677884 cAL aEnglish a813.6bKHAS aBal Khabra aSpiral aLondonbBloomsbury Publishingc2025 a357p.bPBc19.8x12.8cm 2Generala5468b₹399.00c₹d₹499.00e20%f10/01/2026 aHe’s on edge while she’s end pointe in this fake-dating sports romance from the author of the smash hit "Collide". Elias Westbrook, a newly drafted hockey player for the Toronto Thunder, is facing the challenges of fame and media scrutiny. With a growing fan base and too many expectations on his shoulders, he’s struggling to make his first career goal. 2FictionaEnglish Fiction